WNBA 2024 Top Scorers - Statistics

General Stats
  • This quiz has been taken 99 times
  • The average score is 13 of 20
Answer Stats
Hint Answer % Correct
22 Caitlin Clark
98%
22 A'ja Wilson
93%
20 Sabrina Ionescu
91%
30 Breanna Stewart
89%
10 Kelsey Plum
79%
42 Britney Griner
78%
24 Napheesa Collier
75%
24 Arike Ogunbowale
67%
15 Allisha Gray
65%
6 Natasha Howard
60%
10 Rhyne Howard
60%
4 Skylar Diggins-Smith
60%
0 Jackie Young
57%
0 Kelsey Mitchell
57%
2 Kahleah Copper
56%
24 Jewell Loyd
54%
3 Nneka Ogwumike
53%
5 Dearica Hamby
40%
21 Kayla McBride
40%
7 Chennedy Carter
35%
No matching quizzes found
Score Distribution
Percent of People with Each Score
Percentile by Number Answered
Your Score History
You have not taken this quiz